000 00458nam a22001697a 4500
003 BT-SaRUSC
005 20260408104030.0
008 260408b |||||||| |||| 00| 0 eng d
040 _cBT-SaRUSC
082 _aA6.8 UNE
110 _aUNESCO
_9498
245 _aConnect with respect :
_bpreventing gender based violence in schools /
_cUNESCO
260 _aBangkok
_bUNESCO
_c2018
300 _a111 p.:
_c21 cm.
541 _d8.4.26
_eGD 2375
942 _2ddc
_cGD
999 _c19962
_d19962